| 000 | 00864nam a22002897a 4500 | ||
|---|---|---|---|
| 001 | 4560 | ||
| 003 | FISKH | ||
| 005 | 20250305090836.0 | ||
| 008 | 240916b cb ||||| |||| 00| 0 eng d | ||
| 020 | _a9780545208048 | ||
| 040 |
_aFISKH _beng _cFISKH _dFISKH |
||
| 050 | _aPZ7.B32615 | ||
| 082 | _2813.54 | ||
| 100 |
_aBauer, Joan _d1951- |
||
| 245 |
_aPeeled / _cJoan Bauer |
||
| 250 | _aFirst printing 2009 | ||
| 260 |
_aNew York : _bScholastic, _c2009. |
||
| 300 |
_a248 pages : _c20cm |
||
| 505 | _aP | ||
| 520 | _aIn an upstate New York farming community, high school reporter Hildy Biddle investigates a series of strange occurrences at a house rumored to be haunted. | ||
| 521 | 8 |
_a620L
_bLexile |
|
| 521 | 8 |
_aP
_bRaz-Plus |
|
| 650 |
_2Journalism _aGhosts |
||
| 650 |
_2High school _aHaunted houses |
||
| 942 |
_2ddc _cBK _n0 |
||
| 999 |
_c4560 _d4560 |
||